00460nam a2200145 a 450000100100000000500170001000800410002704000250006808200210009310000270011424500650014125000160020626000720022230000200029400002898120200930055245.0110413s1983 dr 000 e spa d aDO-SdBNPbspacBNPHU axxxbS232c, 19831 aSantana, Julio César13aEl camino de la juventud :bensayo /cJulio César Santana. a3a ed. rev. aSan Pedro de Macorís, República Dominicana :bImp. Olga,c1983. a24 p. ;c21 cm.